Guess 100 french footballers by image - Statistics

General Stats
  • This quiz has been taken 678 times
  • The average score is 55 of 100
Answer Stats
Picture Answer % Correct
Karim Benzema
99%
Thierry Henry
83%
Frank Ribéry
80%
Kylian Mbappé
80%
Antoine Griezmann
79%
Hugo Lloris
79%
Olivier Giroud
79%
Raphaël Varane
79%
Adrien Rabiot
78%
N'Golo Kanté
78%
Paul Pogba
78%
Zinedine Zidane
78%
Eduardo Camavinga
77%
Benjamin Pavard
76%
Ousmane Dembele
76%
Kingsley Coman
75%
Lucas Hernandez
75%
Theo Hernandez
75%
Jules Kounde
74%
Patrice Evra
74%
Samuel Umtiti
74%
Anthony Martial
73%
Aurélien Tchouaméni
72%
Dimitri Payet
72%
Eric Cantona
72%
Presnel Kimpembe
72%
Benjamin Mendy
71%
Clement Lenglet
70%
Patrick Vieira
69%
Samir Nasri
69%
William Saliba
69%
Christopher Nkunku
68%
Michel Platini
68%
Mike Maignan
68%
Blaise Matuidi
67%
Randal Kolo Muani
67%
David Trezeguet
66%
Dayot Upamecano
66%
Didier Deschamps
66%
Marcel Desailly
66%
Nabil Fekir
66%
Steve Mandanda
66%
Ibrahima Konate
65%
Lucas Digne
65%
Thomas Lemar
65%
Fabien Barthez
64%
Ferland Mendy
64%
Nicolas Anelka
64%
Robert Pires
64%
Alphonse Areola
63%
Matteo Guendouzi
63%
Moussa Sissoko
63%
Corentin Tolisso
62%
Wissam Ben Yedder
62%
Marcus Thuram
60%
Eric Abidal
59%
Laurent Koscielny
58%
Lilian Thuram
58%
Florian Thauvin
57%
Djibril Cisse
55%
Emmanuel Petit
55%
Mamadou Sakho
55%
Adil Rami
53%
Bacary Sagna
53%
André-Pierre Gignac
49%
Claude Makélélé
49%
Tanguy Ndombele
48%
Laurent Blanc
47%
Mathieu Valbuena
47%
Bixente Lizarazu
46%
Steven Nzonzi
45%
Jordan Veretout
44%
Lassana Diarra
43%
Gael Clichy
42%
Jean-Pierre Papin
41%
Florent Malouda
40%
Just Fontaine
40%
Philippe Mexes
40%
Yohan Cabaye
38%
Eliaquim Mangala
36%
Jeremy Menez
36%
Youri Djorkaeff
35%
Mikael Silvestre
29%
William Gallas
29%
Willy Sagnol
28%
Frank Lebœuf
27%
Sylvain Wiltord
26%
Christian Karembeu
24%
Hatem Ben Harfa
22%
Marius Trésor
21%
Raymond Kopa
21%
Jean Tigana
16%
Alain Giresse
13%
Sebastien Frey
13%
Joel Bats
11%
Vincent Candela
11%
Dominique Rocheteau
10%
Luis Fernandez
9%
Manuel Amoros
6%
Jocelyn Angloma
5%
No matching quizzes found
Score Distribution
Percent of People with Each Score
Percentile by Number Answered
Your Score History
You have not taken this quiz